Natural catastrophes in the Slovak Republic from the point of view of the commercial insurance business

Salvato in:
Dettagli Bibliografici
Autore principale: Majtánová, Anna
Altri autori: Polavková, Katarína, Krátka, Zuzana, 1968-
Natura: Capitolo di libro
Lingua:inglese
Tags: Aggiungi Tag
Nessun Tag, puoi essere il primo ad aggiungerne!!

MARC

LEADER 00000naa$a2200000$$$4500
001 0061016
005 20240502083146.3
041 0 |a eng 
044 |a PL 
245 1 0 |a Natural catastrophes in the Slovak Republic from the point of view of the commercial insurance business  |c Anna Majtánová, Katarína Polavková, Zuzana Krátka 
100 1 |a Majtánová, Anna 
700 1 |a Polavková, Katarína 
700 1 |a Krátka, Zuzana, 1968-